Juventud y trabajo: un reto para principios de siglo /
Guardado en:
| Autor principal: | |
|---|---|
| Otros Autores: | |
| Formato: | Texto |
| Materias: | |
| Etiquetas: |
Agregar Etiqueta
Sin Etiquetas, Sea el primero en etiquetar este registro!
|
MARC
| LEADER | 00000 a a2200000 04500 | ||
|---|---|---|---|
| 001 | 7578 | ||
| 003 | |||
| 040 | |||
| 100 | |a García Guzmán, Brígida | ||
| 245 | |a Juventud y trabajo: |b un reto para principios de siglo / |c Brígida García Guzmán | ||
| 650 | |a RESEÑAS BIBLIOGRAFICAS | ||
| 650 | |a TRABAJADORES JOVENES | ||
| 650 | |a POBLACION ACTIVA | ||
| 700 | |a reseañdora |a Navarrete, Emma Liliana | ||
| 773 | |g volumen 18, número 3 (54); páginas 597-609 | ||
| 999 | |c 23865 |d 23865 | ||
